Królowie Polski po obrazach - Statystyki

Ogólne statystyki
  • Ten quiz został rozwiązany 42 razy
  • Średni wynik to 16 z 28
Statystyki odpowiedzi
Obrazkowy Odpowiedź % Poprawnych
Jan III Sobieski
95%
Władysław II Jagiełło
81%
Bolesław I Chrobry
78%
Kazimierz III Wielki
78%
Stefan Batory
78%
Władysław I Łokietek
76%
Stanisław August Poniatowski
70%
Henryk III Walezy
68%
Michał Korybut Wiśniowiecki
65%
Zygmunt III Waza
65%
Jadwiga Andegaweńska
62%
August II Mocny
59%
Ludwik Węgierski
59%
Anna Jagiellonka
57%
Zygmunt I Stary
57%
Władysław III Warneńczyk
54%
August III Sas
51%
Stanisław Leszczyński
51%
Bolesław II Szczodry
49%
Mieszko II Lambert
46%
Przemysł II
46%
Zygmunt II August
46%
Jan II Kazimierz Waza
43%
Kazimierz IV Jagiellończyk
43%
Jan I Olbracht
41%
Aleksander Jagiellończyk
38%
Władysław IV Waza
38%
Wacław II
32%
Nie znaleziono quizów pasujących do podanych kryteriów
Rozkład punktacji
Procent ludzi z każdym wynikiem
Percentyl według liczby udzielonych odpowiedzi
Twoja historia wyników
Nie rozwiązałeś tego quizu